000 00632nam a2200277Ia 4500
005 20260324140751.0
008 008 260324s9999 xx 000 0 eng d
020 _a9780203699966
037 _aEBOOK
040 _aCRL
040 _beng
040 _cCRL
041 _2eng
041 _aeng
084 _qCRL
100 _aStanley Aronowitz; Jonathan Cutler
_91205662
245 0 _aPost-Work
260 _bTaylor and Francis
260 _c1998
365 _a
365 _b190
856 _uhttp://www.taylorfrancis.com/books/9780203699966
942 _cEBOOK
999 _c1808045
_d1808045